Kitāb al-Ashribah /

محفوظ في:

المؤلف الرئيسي: Ibn Qutaybah, ʻAbd Allāh ibn Muslim, 828-889? (مؤلف)

مؤلفون آخرون: Kurd ʻAlī, Muḥammad, 1876-1953.

التنسيق: كتاب

اللغة: Arabic

منشور في: Dimashq : al-Majmaʻ al-ʻIlmī al-ʻArabī, 1947.

سلاسل: Maṭbūʻāt al-Majmaʻ al-ʻIlmī al-ʻArabī bi-Dimashq.

الموضوعات:

الوسوم: إضافة وسم

لا توجد وسوم, كن أول من يضع وسما على هذه التسجيلة!

رقم الطلب: HV5197.5 .I26 1947

LEADER 02071nam a2200265Ia 4500
003 OSt
005 20230731072809.0
008 130303s1947 sy b 001 0 ara d
952 |0 0  |1 0  |2 lcc  |4 0  |6 HV51975 I26 01947  |7 1  |9 49391  |a ARCE  |b ARCE  |d 2023-07-31  |l 0  |o HV5197.5 .I26 1947  |p 1030375  |r 2023-07-31 00:00:00  |w 2023-07-31  |y BK 
999 |c 27512  |d 27512 
040 |c ARCE Library 
050 4 |a HV5197.5 .I26 1947 
100 1 |6 880-01  |a Ibn Qutaybah, ʻAbd Allāh ibn Muslim,  |d 828-889?,  |e author 
245 1 0 |6 880-02  |a Kitāb al-Ashribah /   |c taʼlīf Abī Muḥammad ʻAbd Allāh ibn Muslim ibn Qutaybah ; riwāyat al-Ḥusayn ibn Muẓaffar ibn Aḥmad ibn Kundāj, ʻan Abī Muḥammad ʻAbd Allāh ibn Jaʻfar ibn Durustuwayh, ʻan Abī Ṭāhir Muḥammad ibn ʻAlī ibn Muḥammad ibn ʻAbd Allāh al-Bayyiʻ ; ʻuniya bi-nashrihi wa-taḥqīqihi Muḥammad Kurd ʻAlī., ʻAbd Allāh ibn Muslim Ibn Qutaybah, Muḥammad Kurd ʻAlī. 
264 1 |a Dimashq :   |b al-Majmaʻ al-ʻIlmī al-ʻArabī,   |c 1947. 
300 |a 127 pages ;  |c 25 cm. 
490 0 |a Maṭbūʻāt al-Majmaʻ al-ʻIlmī al-ʻArabī bi-Dimashq. 
504 |a Includes bibliographical references and indexes. 
650 0 |a Drinking of alcoholic beverages  |x Religious aspects  |x Islam  |v Early works to 1800. 
650 0 |a Liquor laws (Islamic law)  |v Early works to 1800.  |9 14257 
700 1 |a Kurd ʻAlī, Muḥammad,  |d 1876-1953. 
880 1 |6 100-01/(3/r  |a ابن قتيبة، عبد الله بن مسلم،‪‪‪‪‪‪‪‪‪‪‪‪‪‪‪‪‪‪‪‪‪‪‪‪‪‪‪‪‪‪‪‪‪‪‪‪‪‪‪‪‪‪‪‪‪‪‪‪‪  |d 828-889? 
880 1 0 |6 245-02/(3/r  |a كتاب الأشربة   |c تأليف أبي محمد عبد الله بن مسلم بن قتيبة ؛ رواية الحسين بن مظفر بن احمد بن كنداج، عن أبي محمد عبد الله بن جعفر بن درستوية، عن أبي طاهر محمد بن علي بن محمد بن عبد الله البيع ؛ عني بنشره وتحقيقه محمد كرد علي 
901 |a reviewed 
942 |c BK  |2 lcc